| 000 | 02273nam a2200217Ia 4500 | ||
|---|---|---|---|
| 999 |
_c16359 _d16359 |
||
| 003 | OSt | ||
| 005 | 20210827163544.0 | ||
| 008 | 160316s2000 xxu||||| |||| 00| 0 eng d | ||
| 020 | _a9789041113245 | ||
| 040 | _cn | ||
| 082 |
_a341.481000 _bHOL |
||
| 100 | _aHolmstrom Leif | ||
| 245 | _aConcluding observations of the UN committee on the rights of the child Vol. I Third to seventeenth session ( 1993 - 1998 ) | ||
| 260 |
_aThe Hague _bMartinus Nijhoff Publishers _c2000 |
||
| 300 |
_a583p _cxv |
||
| 365 | _bRs.5,417.50 | ||
| 505 | _aContent: United Nations Committee on the Rights of the Child. Concluding Observations Third to seventeenth sessions (1993-1998). Algeria, Initial report (1995). Argentina, Initial report/additional information (1993/1994). Australia, Initial report (1996). Azerbaijan, Initial report (1995). Bangladesh Initial report/additional information (1995/1997). Belarus, Initial report (1993). Belgium, Initial report (1994). Bolivia, Initial report (1992). Bulgaria, Initial report (1995). Burkina Faso, Initial report (1993). Canada, Initial report (1994). Chile, Initial report (1993). China, Initial report (1995). Colombia, Initial report (1993) (preliminary observations), Initial report/additional information (1993/1994). Costa Rica, Initial report (1992). Croatia, Initial report (1994). Cuba, Initial report (1995). Cyprus, Initial report (1994). Czech Republic, Initial report (1996). Denmark, Initial report (1993). Egypt, Initial report (1992). El Salvador, Initial report (1992). Ethiopia, Initial report (1995). Finland, Initial report (1994). France, Initial report (1993). Germany, Initial report (1994). Ghana, Initial report (1995). Guatemala, Initial report (1995). Holy See, Initial report (1994). Honduras, Initial report (1993). Iceland, Initial report (1994). Indonesia, Initial report (1992) (preliminary observations), Initial report/additional information (1992/1994). Ireland, Initial report (1996). Italy, Initial report (1994). Jamaica, Initial report (1994). Jordan, (Part contents). | ||
| 650 | _a1. Human Rights - Rights Of The Child - 2. Rights Of The Child - U N Committee - Observations | ||
| 700 |
_a _a |
||
| 942 |
_2ddc _cBK |
||